Návrh technológie pri ohýbaní kužeľových stĺpov osvetlenia = The proposal of technology by bending of tapered light poles : Diplomová práca
Saved in:
| Main Author: | |
|---|---|
| Other Authors: | |
| Format: | Manuscript Book |
| Language: | Slovak |
| Published: |
Trnava :
STU v Bratislave MTF UVTE KT,
2009
|
| Subjects: | |
| Tags: |
No Tags, Be the first to tag this record!
|
MARC
| LEADER | 00000ntm a22000003a 4500 | ||
|---|---|---|---|
| 001 | stu190357 | ||
| 005 | 20160719160138.1 | ||
| 008 | 090922s2009----xo------------------slo-d | ||
| 040 | |a STU |b slo | ||
| 041 | 0 | |a slo | |
| 044 | |a xo | ||
| 100 | 1 | |a Karika, Gabriel |4 aut | |
| 245 | 1 | |a Návrh technológie pri ohýbaní kužeľových stĺpov osvetlenia = The proposal of technology by bending of tapered light poles : |b Diplomová práca | |
| 260 | |a Trnava : |b STU v Bratislave MTF UVTE KT, |c 2009 | ||
| 300 | |a 68 s |c 1 CD-ROM | ||
| 500 | |a Študijný program: tvárnenie | ||
| 500 | |a Študijný odbor: 5.2.51 výrobné technológie | ||
| 650 | 7 | |a ohýbanie |2 stusub | |
| 650 | 7 | |a deformácia ohybom |2 stusub | |
| 650 | 7 | |a odpruženie |2 stusub | |
| 650 | 7 | |a dutý prrofil |2 stusub | |
| 700 | 1 | |a Mečiar, Svätopluk, |d 1948- |4 xxx |u M3000 |U MTF Materiálovotechnologická fakulta |T MTF Ústav výrobných technológií |X 30639 |U M3000 |Y 83 |7 A000030639 | |
| 996 | |b 284M070906 |c M*DP-8393 |l MMSKP |s P |a 0 |w stu190357_0001 | ||